Organism by Population Quiz Stats

 Plays Quiz Updated Apr 24, 2018

Challenge
Share
Tweet
Embed
Score 0/10 Timer 05:00
4 Plays Today
% Correct
Human Beings
78.7%
Bacteria
74.9%
Ants
66.5%
Cattle
65.6%
Antarctic Krill
64.5%
Trees
64.4%
Domestic Chickens
62.7%
Tigers
62.4%
Elephants
53.3%
Great Whales
39.7%

You're not logged in!

Compare scores with friends on all Sporcle quizzes.
OR
Log In

You Might Also Like...

Show Comments

Extras

Top Quizzes Today


Score Distribution

Your Account Isn't Verified!

In order to create a playlist on Sporcle, you need to verify the email address you used during registration. Go to your Sporcle Settings to finish the process.

Report this User

Report this user for behavior that violates our Community Guidelines.

Details: